| 000 | 00794nam a22002177a 4500 | ||
|---|---|---|---|
| 999 |
_c13025 _d13025 |
||
| 003 | AR-CdUCM | ||
| 008 | 190411b ||||| |||| 00| 0 spa d | ||
| 040 |
_aMUNICIPALIDAD PROVINCIAL DEL CUSCO _cBIBLIOTECA MUNICIPAL DEL CUSCO |
||
| 082 |
_a087.68 / _bSW98 |
||
| 100 |
_aSwett Marden, Orison _931152 |
||
| 245 | _aPaz, poder y abundancia / | ||
| 260 |
_aEspaña : _bAntonio Roch, |
||
| 300 |
_a353 páginas ; _c18 cm. |
||
| 505 | _aContenido : Dedicatoria -- Prologo del traductor -- Pensamiento y acción -- Pobreza mental -- La ley de opulencia -- La valía del sueño -- El pensamiento y la salud ... | ||
| 650 |
_aPaz _9757 |
||
| 650 |
_aPoder _94273 |
||
| 650 |
_aAbundancia _931190 |
||
| 700 |
_aCliment, Terrer, Federico _931191 |
||
| 942 |
_2ddc _cLIBROS |
||
| 945 |
_arah _d11/04/2019 |
||